| 000 | 00507nam a22001817a 4500 | ||
|---|---|---|---|
| 003 | NUST | ||
| 005 | 20201013145225.0 | ||
| 008 | 201013b ||||| |||| 00| 0 eng d | ||
| 020 | _a9780123819604 | ||
| 038 | _aMuzammil | ||
| 040 | _aSMME | ||
| 082 |
_a681.2 _bMOR |
||
| 100 |
_aMorris S. Alan _931439 |
||
| 245 |
_aMeasurement and Instrumentation _btheory and application _cAlan S. Morris & Reza Langari |
||
| 260 |
_aNew York _bElsevier _c2012 |
||
| 300 | _axxi,617: pages | ||
| 942 |
_2ddc _cBK _k681.2,MOR |
||
| 999 |
_c536338 _d536338 |
||